Sports Quiz

Random Sports or MLB Quiz
Score 0/35 Timer 10:00
0 Plays Today
Injury Player % Correct
Shot himself in the leg while reaching for gun in his sweatpantsPlaxico Burress
55.3%
Fell off of a golf cart and broke his wristJimmie Johnson
53.3%
Dislocated shoulder during a celebratory hug from Sir Charles BarkleyKevin Johnson
52.7%
Injured hand by punching fire extinguisher following lossAmar'e Stoudemire
47.3%
Tore his ACL while celebrating a 42-yard field goalBill Gramatica
40%
Fractured leg celebrating a walk-off grand slamKendrys Morales
40%
Gave himself back spasms from sneezingSammy Sosa
38.7%
Burnt corneas by inadvertantly rubbing lotion in his eyes during an Eric Clapton concertCharles Barkley
34%
Got hit in the eye with a penalty flag and went partially blindOrlando Brown
32.7%
Suffered a sprained neck after headbutting a wall in celebrationGus Frerotte
30%
Damaged knee cartilage while bowlingAndrew Bynum
27.8%
Strained back while taking off cowboy bootsWade Boggs
26%
Tore ACL while being restrained in a tirade at first baseMilton Bradley
25.3%
Burned himself while ironing a shirt he was wearingJohn Smoltz
25.3%
Tore ACL while celebrating a sackStephen Tulloch
22.7%
Tore ACL while celebrating a sackLamarr Houston
21.3%
Broke arm in car crash while reaching for falling pizza boxNate Burleson
20.7%
Inflamed wrist from playing too much Guitar HeroJoel Zumaya
20.7%
Injury Player % Correct
Sprained ankle by tripping over waitress who was serving Mayor Michael BloombergStephen Jackson
20%
Got run over by the tarp machine and suffered a chipped bone in his legVince Coleman
19.3%
Pinched testicle by athletic cupKen Griffey Jr.
18%
Severed right forearm from slipping on a McDonald's bagBrandon Marshall
13.3%
Scraped wrist after sitting on an exercise ball and popping itEddy Curry
12.7%
Tripped over dog, twisted ankle in fallBrian Griese
12%
Stabbed himself trying to open a DVD double-feature of 'Backdraft' and 'Happy Gilmore'Adam Eaton
11.9%
Sustained major cuts to his body from a glass table he shattered after waking up from a spider-filled nightmareGlenallen Hill
10.7%
Strained neck trying on a hat that was a several sizes too smallRichie Sexson
9.5%
Slipped in the shower and ruptured his patella tendonJoel Przybilla
9.3%
Burned himself after falling asleep in a tanning bedMarty Cordova
7.3%
Strained back while eating homemade pancakesDustin Penner
4.7%
Cut leg with a motivational ax in the locker roomChris Hanson
4.7%
Got tendonitis from playing too much GameboyLionel Simmons
4.7%
Injured ankle by stepping on someone's foot while dancing at a weddingKim Clijsters
2.7%
Broke jaw from screaming at teammatesAlex Stepney
2.7%
Cut open hand while cleaning his bagpipesGlenn Healy
1.3%
Remove Ads.
Support Sporcle.
Get the best of Sporcle when you Go Orange. This ad-free experience offers more features, more stats, and more fun while also helping to support Sporcle. Thank you for becoming a member.

You're not logged in!

Compare scores with friends on all Sporcle quizzes.
OR
Log In

Show Comments

Extras

Top Quizzes Today


Score Distribution

Your Account Isn't Verified!

In order to create a playlist on Sporcle, you need to verify the email address you used during registration. Go to your Sporcle Settings to finish the process.

Report this User

Report this user for behavior that violates our Community Guidelines.

Details: